00571nam a2200157 i 450000100060000000300090000600700030001500800410001810000290005924500970008826000730018530000330025849000450029183000450033685200320038173061ES-MaACLt|040906s1984 sp ||||1| spa d1 aGómez Bellard, Carlos.13aLa necrópolis del Puig des Molins (Ibiza) b: campaña de 1946 /cCarlos Gómez Bellard. a[Madrid] : bDirección General de Bellas Artes y Archivos, c1984. a179 p., 11 lám. ; c29 cm.1 aExcavaciones arqueológicas en España0 aExcavaciones arqueológicas en España aES-MaACLjL-6076 bR.106859